000 00555nam a2200193Ia 4500
005 20250508150422.0
008 008 250505s9999 xx 000 0 eng d
037 _aTextual
040 _aFEDL
_beng
_cFEDL
041 _aeng
_2eng
084 _a342.54, IND
_qFEDL
245 0 _aDraft constitution of India
245 0 _cConstituent Assembly of India
260 _aNew Delhi, India
_bThe Manager Government of India Press
_c1948
300 _axxvii,213p.
650 _aLaw
942 _cTEXL
_h342.54, IND
999 _c1323542
_d1323542